000
00343pab a2200145 454500
008
180718b1999 xxu||||| |||| 00| 0 eng d
100
_a
Yach, Dianna M.
245
_a
Revisiting democratic policing in action
260
_c
1999
300
_a
p.296-310
362
_a
Oct-Dec
650
_a
Police
773
_a
Police Journal
909
_a
42923
999
_c
42923
_d
42923